LEADER 00834nab a2200133 i 4500 001 000000322411 003 CaOOAMICUS 005 20180831173404.0 008 180831n it uu u0 0ita r 013 $a32706 040 $aSeMil$bita 245 13$aUn bel pomeriggio a Venegono. Il saluto affettuoso degli amici seminaristi di Bergamo. L'incontro dei Seminari di Lombardia in occasione del 70° anniversario di dedicazione della basilica di Venegono. - In [rubrica] :$bMeeting seminari lombardi. 773 0 $t[GIUGNO-LUGLIO 2005]. - 33 p.$gp.14-15$w()261937 996 $6245$aUn bel pomeriggio a Venegono. Il saluto affettuoso degli amici seminaristi di Bergamo. L'incontro dei Seminari di Lombardia in occasione del 70° anniversario di dedicazione della basilica di Venegono. - In [rubrica] :$bMeeting seminari lombardi.$9(OLS)http://semarc/title/395918 LEADER 00739naa a2200157 i 4500 001 000000307861 003 CaOOAMICUS 005 20180831172924.0 008 180831n it u000 u ita u 013 $a16735 040 $aSeMil$bita 100 1 $aAmato, Angelo .$0(OLS)http://semarc/name/1474 245 10$aAnnuncio della salvezza cristiana nella società occidentale secolarizzata. 650 4$aSalvezza - Annuncio.$0(OLS)http://semarc/subject/12090 773 0 $tSalvezza.$dMestre, Venezia : Edizioni Provincia veneta dei Frati Minori Cappuccini, 2008.$kSimposi intercristiani$gp.167-178$w()188768 996 $6245$aAnnuncio della salvezza cristiana nella società occidentale secolarizzata$9(OLS)http://semarc/title/383171